: موقف الإسلام من عقيدة الثالوث في الديانات الوثنية والنصرانية دراسة تحليلية مقارنة
Saved in:
| Main Author: | |
|---|---|
| Format: | Book |
| Tags: |
Add Tag
No Tags, Be the first to tag this record!
|
| LEADER | 00856nam a2200145 4500 | ||
|---|---|---|---|
| 100 | |a عفشوك، صالح محمد مصباح |9 576582 | ||
| 245 | |a : موقف الإسلام من عقيدة الثالوث في الديانات الوثنية والنصرانية |b دراسة تحليلية مقارنة | ||
| 264 | |a Kuala Lumpur : |b Kulliyyah of Islamic Revealed Knowledge and Human Sciences, International Islamic University Malaysia , |c 2021 | ||
| 336 | |2 rdacontent | ||
| 337 | |2 rdamedia | ||
| 338 | |2 rdacarrier | ||
| 942 | |2 lcc |n 0 | ||
| 999 | |c 517169 |d 548586 | ||
| 952 | |0 0 |1 0 |2 lcc |4 0 |7 4 |8 IIUMTHESIS |9 1017545 |a IIUM |b IIUM |c THESIS |d 2023-07-13 |e MGIFT(A) |l 0 |p 11100484570 |r 2023-07-13 |w 2023-07-13 |y THESIS | ||
| 952 | |0 0 |1 0 |2 lcc |4 0 |7 4 |8 THESISSOFTCOPY |9 1017546 |a IIUM |b IIUM |c MULTIMEDIA |d 2023-07-13 |e MGIFT(A) |l 0 |p 11100484571 |r 2023-07-13 |w 2023-07-13 |y THESISDIG | ||
